000 00724nam a22002537a 4500
001
003 DO-SdBNP
005 20220324084951.0
007 00075
008 151117b2005 cl 00| 0 spa d
020 _a95804871466
022 _a
040 _aBPMSU
_bspa
_cBPMSU
082 _aCo863.44
_bG216i 2005
_222
100 1 _aGarcía Márquez, Gabriel
_d1928-2014
_4
245 1 3 _a La increíble y triste historia de la Cándida Eréndira y de su abuela desalmada /
_cGabriel García Márquez.
260 _aBogotá, Colombia :
_bEditorial Norma ,
_c2005
300 _a150 p. ;
_c22 cm.
650 4 _aNovela colombiana.
650 4 _aLiteratura colombiana
910 _aVMateo V.
942 _2ddc
_cBK
945 _a
999 _c14109
_d14109